000 00736 a2200157 4500
003 NUST
005 20221031133610.0
040 _cNust
082 _a510,CHA
245 _aChamber's seven-figure mathematical tables /
_cedited by James Pryde
260 _aLondon
_bW. & R. Chambers
_c1951
300 _a454 p.:
505 _aLogarithms of Numbers (Page-2), Reduction of Common to Naperian Logarithms (Page-202), Reduction of Naperian to Common Logarithms (Page-202), Logarithmic Sines Tangents (Page-248), Areas of the Segments of a Circle (Page-249), Natural Tangents (Page-308), Natural Secants (Page-321), Ternary Proportional Logarithms (Page-398), Amplitudes (Page-414).
650 _aMathematics
942 _2ddc
_cBK
_k510,CHA
999 _c179828
_d179828